Guess The Video Game Logos - Statistics

General Stats
  • This quiz has been taken 671 times
  • The average score is 13 of 20
Answer Stats
Picture Answer % Correct
Minecraft
99%
Roblox
95%
Xbox
95%
Playstation
94%
The Sims
82%
Akinator
76%
Mortal Kombat
76%
Clash Royale
74%
Overwatch
72%
Terraria
66%
Ubisoft
64%
Ark
63%
Nintendo 64
62%
Sea Of Thieves
58%
Atari
56%
Roblox Studio
48%
Capcom
47%
Rec Room
41%
Hypixel
37%
Dota
30%
No matching quizzes found
Score Distribution
Percent of People with Each Score
Percentile by Number Answered
Your Score History
You have not taken this quiz